000 00937nam0a22002651 4500
001 v19\rc\1879176
005 20260407121950.0
035 _a(NLR Aleph) 004968846
090 _a6062893
_c6062893
100 _a20080221d1910 u y0rusy50 ca
101 0 _arus
102 _aRU
105 _aa z |||||
200 1 _aУстав гарнизонной службы
_eВыс. утв. 16 мая 1900 г.
_eВ это изд. внесены все изм., объявл. по 15 марта 1910 г.
210 _aСанкт-Петербург
_cВ. Березовский
_d1910
215 _aVIII, 242 с.
_cил.
_d14
740 1 _aРоссия
_tВоенные уставы и наставления
_3RU\NLR\AUTH\889957977
_9412039
801 0 _aRU
_bNLR
_gpsbo
801 0 _aRU
_bRuMoRGB
_2psbo
801 1 _aRU
_bProSoft-M
_2rusmarc
852 _aNLR
_j38.56.8.13
899 _aRuMoRGB
_jU 77/363
899 _aБАН
942 _cBOOK
980 _aNB